000 00506nam a2200157 4500
001 113248
003 ES-MaACL
007 t|
008 061121s1929 sp r ||||1| spa d
100 1 _aNussbaum, Arthur.
_986245
245 1 0 _aTeoría jurídica del dinero /
_cArthur Nussbaum ; traducción del alemán y notas por Luis Sancho Seral.
260 _aMadrid :
_b[s. n.],
_c1929 (
_fImp. Helénica)
300 _a430 p. ;
_c24 x 15 cm.
700 1 _aSancho Seral, Luis.
_9103056
852 _aES-MaACL
_jB-3466
999 _c113248
_d113248